Немецкий язык. Ч. 3 (Запись № 10862817)

Подробности
000 -МАРКЕР
контрольное поле 01509nam2a2200253 4500
001 - ИДЕНТИФИКАТОР ЗАПИСИ
контрольное поле RU\NLR\BIBL_A\012206046
005 - ИДЕНТИФИКАТОР ВЕРСИИ
контрольное поле 20200217135818.0
010 ## - МЕЖДУНАРОДНЫЙ СТАНДАРТНЫЙ НОМЕР КНИГИ (ISBN)
Номер (ISBN) 978-5-09-074608-3
Уточнения 3
021 ## - НОМЕР ГОСУДАРСТВЕННОЙ РЕГИСТРАЦИИ
Код страны Российская Федерация
Номер КН-П-21-043423
Номер Листа государственной регистраци КН-П-21-3429
021 ## - НОМЕР ГОСУДАРСТВЕННОЙ РЕГИСТРАЦИИ
Код страны Российская Федерация
Номер КН-П-22-053684
Номер Листа государственной регистраци КН-П-22-4663
021 ## - НОМЕР ГОСУДАРСТВЕННОЙ РЕГИСТРАЦИИ
Код страны Российская Федерация
Номер КН-П-19-098144
Номер Листа государственной регистраци КН-П-19-7213
035 ## - ДРУГИЕ СИСТЕМНЫЕ НОМЕРА
Идентификатор записи (NLR Aleph) 012206046
100 ## - ДАННЫЕ ОБЩЕЙ ОБРАБОТКИ
Данные общей обработки 20200204d2020 u y0rusy50 ca
101 0# - ЯЗЫК РЕСУРСА
Язык текста, звукозаписи и т.д. русский
-- немецкий
102 ## - СТРАНА ПУБЛИКАЦИИ ИЛИ ПРОИЗВОДСТВА
Страна публикации Российская Федерация
-- Германия
105 ## - ПОЛЕ КОДИРОВАННЫХ ДАННЫХ: ТЕКСТОВЫЕ МАТЕРИАЛЫ, МОНОГРАФИЧЕСКИЕ
Кодированные данные о монографическом текстовом документе acb j 000zy
200 0# - ЗАГЛАВИЕ И СВЕДЕНИЯ ОБ ОТВЕТСТВЕННОСТИ
Основное заглавие Ч. 3
215 ## - ФИЗИЧЕСКАЯ ХАРАКТЕРИСТИКА
Специфическое обозначение материала и объем 109, [2] с.
Другие сведения о физической характеристике портр., карт., табл., ил., цв. ил.
461 #0 - УРОВЕНЬ НАБОРА
Встроенное поле 001RU\NLR\BIBL_A\012206017
-- 2001#$aНемецкий язык$eвторой иностранный язык$e8 класс$eучебное пособие для общеобразовательных организаций$e[для детей с нарушением зрения]$eв четырёх частях$f[М. М. Аверин и др.]$vЧ. 3
Системный номер (АБИС) связанной записи 10862693
Место публикации Москва
Дата публикации 2020 [т.е. 2019]
Первые сведения об ответственности [М. М. Аверин и др.]
Имя издателя, распространителя и т.д. Просвещение
Сведения, относящиеся к заглавию второй иностранный язык : 8 класс : учебное пособие для общеобразовательных организаций : [для детей с нарушением зрения] : в четырёх частях
Физическая характеристика 26
Заглавие Немецкий язык
ISBN 9785090746052
Номер тома Ч. 3
942 ## - ДОПОЛНИТЕЛЬНЫЕ ЭЛЕМЕНТЫ ЗАПИСИ (АБИС)
Тип экземпляра АБИС Книга
980 ## - КОЛЛЕКЦИЯ
Название коллекции Национальная библиография
Экземпляры
Тип экземпляра Дата поступления Источник поступления Библиотека постоянного хранения Библиотека текущего хранения Место хранения Шифр хранения Штрих-код Статус экземпляра Нумерация / хронология для периодики Стоимость
Книга 04.02.2020 Обязательный экземпляр РНБ (Московский) РНБ (Московский) Русский книжный фонд: издания с 1957 года 2020-7/791 1-3060861      
Книга 04.02.2020 Обязательный экземпляр РНБ (Московский) РНБ (Московский) Обменный фонд   1-3060860      
Книга 22.11.2021 Обязательный экземпляр РНБ (Московский) РНБ (Московский) Обменный фонд   1-3543967   2022  
Книга 22.11.2021 Обязательный экземпляр РНБ (Московский) РНБ (Московский) Обменный фонд   1-3543963   2022  
Книга 29.09.2022 Обязательный экземпляр РНБ (Московский) РНБ (Московский) Обменный фонд   1-3986403   2023 0.00
Книга 29.09.2022 Обязательный экземпляр РНБ (Московский) РНБ (Московский) Обменный фонд   1-3986410   2023 0.00